Профессиональные компетенции студентов технического вуза и возможности их формирования в процессе обучения иностранному языку; Вестник Челябинского государственного педагогического университета; № 10

Bibliografiska uppgifter
Parent link:Вестник Челябинского государственного педагогического университета.— , 1995-
№ 10.— 2012.— [С. 158-166]
Huvudupphovsman: Сидоренко Т. В. Татьяна Валерьевна
Övriga upphovsmän: Замятина О. М. Оксана Михайловна
Sammanfattning:Заглавие с экрана
В статье рассматривается обучение иностранному языку студентов тех-нического вуза как средство формирования профессиональных компетенций. Представлены принципы разработки содержания обучения иностранному языку, обоснован выбор дидактического инструментария; обозначены организационно-педагогические условия формирования профессиональных компетенций студентов в процессе обучения иностранному языку
The foreign language teaching in the article is considered as a process able to influence the effective development of students’ competences. The principles to design the content of the discipline have been proposed and the choice of didactic tools has been explained. Due to the theoretical and practical findings a set of key competences for IT students as a target group has been defined. The data presented allow defining the special teaching (didactic) conditions able to provide the process of competences development in teaching English more effectively
Режим доступа: по договору с организацией-держателем ресурса
Språk:ryska
Publicerad: 2012
Ämnen:
Länkar:http://elibrary.ru/item.asp?id=18750329
Materialtyp: Elektronisk Bokavsnitt
KOHA link:https://koha.lib.tpu.ru/cgi-bin/koha/opac-detail.pl?biblionumber=636417

MARC

LEADER 00000nla0a2200000 4500
001 636417
005 20250327100223.0
035 |a (RuTPU)RU\TPU\network\382 
090 |a 636417 
100 |a 20140113d2012 k||y0rusy50 ca 
101 0 |a rus 
102 |a RU 
135 |a drnn ---uucaa 
181 0 |a i  
182 0 |a b 
200 1 |a Профессиональные компетенции студентов технического вуза и возможности их формирования в процессе обучения иностранному языку  |f Т. В. Сидоренко, О. М. Замятина 
203 |a Текст  |c электронный 
300 |a Заглавие с экрана 
320 |a [Библиогр.: с. 166 (4 назв.)] 
330 |a В статье рассматривается обучение иностранному языку студентов тех-нического вуза как средство формирования профессиональных компетенций. Представлены принципы разработки содержания обучения иностранному языку, обоснован выбор дидактического инструментария; обозначены организационно-педагогические условия формирования профессиональных компетенций студентов в процессе обучения иностранному языку 
330 |a The foreign language teaching in the article is considered as a process able to influence the effective development of students’ competences. The principles to design the content of the discipline have been proposed and the choice of didactic tools has been explained. Due to the theoretical and practical findings a set of key competences for IT students as a target group has been defined. The data presented allow defining the special teaching (didactic) conditions able to provide the process of competences development in teaching English more effectively 
333 |a Режим доступа: по договору с организацией-держателем ресурса 
461 |t Вестник Челябинского государственного педагогического университета  |d 1995- 
463 |t № 10  |v [С. 158-166]  |d 2012 
610 1 |a электронный ресурс 
610 1 |a труды учёных ТПУ 
610 1 |a профессиональная компетентность 
610 1 |a студенты 
610 1 |a обучение 
610 1 |a иностранные языки 
700 1 |a Сидоренко  |b Т. В.  |c лингвист  |c доцент Томского политехнического университета, кандидат педагогических наук  |f 1976-  |g Татьяна Валерьевна  |3 (RuTPU)RU\TPU\pers\26702  |9 12360 
701 1 |a Замятина  |b О. М.  |c специалист в области информатики и вычислительной техники  |c доцент Томского политехнического университета, кандидат технических наук  |f 1978-  |g Оксана Михайловна  |3 (RuTPU)RU\TPU\pers\25543  |9 11473 
801 2 |a RU  |b 63413507  |c 20150518  |g RCR 
856 4 |u http://elibrary.ru/item.asp?id=18750329 
942 |c CF